<?xml version="1.0" encoding="UTF-8"?><?xml-stylesheet type="text/xsl" href="static/style.xsl"?><OAI-PMH xmlns="http://www.openarchives.org/OAI/2.0/" xmlns:xsi="http://www.w3.org/2001/XMLSchema-instance" xsi:schemaLocation="http://www.openarchives.org/OAI/2.0/ http://www.openarchives.org/OAI/2.0/OAI-PMH.xsd"><responseDate>2026-04-29T06:16:09Z</responseDate><request verb="GetRecord" identifier="oai:repisalud.isciii.es:20.500.12105/18782" metadataPrefix="marc">https://repisalud.isciii.es/rest/oai/request</request><GetRecord><record><header><identifier>oai:repisalud.isciii.es:20.500.12105/18782</identifier><datestamp>2024-09-21T19:59:35Z</datestamp><setSpec>com_20.500.12105_15322</setSpec><setSpec>com_20.500.12105_2051</setSpec><setSpec>col_20.500.12105_16927</setSpec></header><metadata><record xmlns="http://www.loc.gov/MARC21/slim" xmlns:dcterms="http://purl.org/dc/terms/" xmlns:doc="http://www.lyncode.com/xoai" xmlns:xsi="http://www.w3.org/2001/XMLSchema-instance" xsi:schemaLocation="http://www.loc.gov/MARC21/slim http://www.loc.gov/standards/marcxml/schema/MARC21slim.xsd">
   <leader>00925njm 22002777a 4500</leader>
   <datafield ind2=" " ind1=" " tag="042">
      <subfield code="a">dc</subfield>
   </datafield>
   <datafield ind2=" " ind1=" " tag="720">
      <subfield code="a">Cantero-Téllez, Raquel</subfield>
      <subfield code="e">author</subfield>
   </datafield>
   <datafield ind2=" " ind1=" " tag="720">
      <subfield code="a">Pérez-Cruzado, David</subfield>
      <subfield code="e">author</subfield>
   </datafield>
   <datafield ind2=" " ind1=" " tag="720">
      <subfield code="a">Villafañe, Jorge Hugo</subfield>
      <subfield code="e">author</subfield>
   </datafield>
   <datafield ind2=" " ind1=" " tag="720">
      <subfield code="a">García-Orza, Santiago</subfield>
      <subfield code="e">author</subfield>
   </datafield>
   <datafield ind2=" " ind1=" " tag="720">
      <subfield code="a">Naughton, Nancy</subfield>
      <subfield code="e">author</subfield>
   </datafield>
   <datafield ind2=" " ind1=" " tag="720">
      <subfield code="a">Valdes, Kristin</subfield>
      <subfield code="e">author</subfield>
   </datafield>
   <datafield ind2=" " ind1=" " tag="260">
      <subfield code="c">2022-03-17</subfield>
   </datafield>
   <datafield ind2=" " ind1=" " tag="520">
      <subfield code="a">A randomized controlled trial of forty-five females over 18 years of age with diagnosis of thumb basal osteoarthritis in their dominant hand and with a minimum pain rating of 4/10 on the Visual Analogue Scale (VAS) during activities of daily living (ADLs) were recruited from March to June 2021. The group receiving proprioception training was compared to routine conservative physiotherapy treatment. The main purpose of this clinical trial is to test the effect of proprioception training on pain intensity in subjects with thumb osteoarthritis. Primary outcome was joint position sense (JPS) for the assessment of CMC proprioception and secondary outcomes were Visual Analogue Scale (VAS) and Canadian Occupational Performance Measure (COPM) for the assessment of patient satisfaction and the Quick-DASH which assessed upper limb function. A block randomization was carried out for the control group (n = 22) and experimental group (n = 23). Participants and evaluator were blinded to the group assignment. Proprioception training produced a statistically significant reduction in pain post intervention, but this reduction was small (d = 0.1) at the 3-month follow-up. JPS accuracy demonstrated statistically significant differences between the groups (p = 0.001) post-intervention and at the 3-month follow-up (p &lt; 0.003). Statistically significant differences between means were found in both the Quick-Dash and COPM post intervention (both, p &lt; 0.001), as well as at the 3-month follow-up (both, p &lt; 0.001). There was a significant time factor for the reduction of pain intensity over time but effect sizes between groups was small at the 3-month follow-up period. Proprioceptive training improves thumb JPS accuracy; however, it does not contribute to a reduction in pain intensity in the long term. The inclusion of a proprioceptive program may be beneficial for improving individuals with thumb CMC OA sensorimotor performance. The study was registered at ClinicalTrials.gov NCT04738201. No funding was provided for this study.</subfield>
   </datafield>
   <datafield ind1="8" ind2=" " tag="024">
      <subfield code="a">http://hdl.handle.net/10668/21046</subfield>
   </datafield>
   <datafield ind1="8" ind2=" " tag="024">
      <subfield code="a">http://hdl.handle.net/20.500.12105/18782</subfield>
   </datafield>
   <datafield ind1="8" ind2=" " tag="024">
      <subfield code="a">35329279</subfield>
   </datafield>
   <datafield ind1="8" ind2=" " tag="024">
      <subfield code="a">10.3390/ijerph19063592</subfield>
   </datafield>
   <datafield ind1="8" ind2=" " tag="024">
      <subfield code="a">1660-4601</subfield>
   </datafield>
   <datafield ind1="8" ind2=" " tag="024">
      <subfield code="a">International journal of environmental research and public health</subfield>
   </datafield>
   <datafield tag="653" ind2=" " ind1=" ">
      <subfield code="a">carpometacarpal joint</subfield>
   </datafield>
   <datafield tag="653" ind2=" " ind1=" ">
      <subfield code="a">joint position sense</subfield>
   </datafield>
   <datafield tag="653" ind2=" " ind1=" ">
      <subfield code="a">proprioception</subfield>
   </datafield>
   <datafield tag="653" ind2=" " ind1=" ">
      <subfield code="a">thumb osteoarthritis</subfield>
   </datafield>
   <datafield tag="653" ind2=" " ind1=" ">
      <subfield code="a">thumb pain</subfield>
   </datafield>
   <datafield ind2="0" ind1="0" tag="245">
      <subfield code="a">The Effect of Proprioception Training on Pain Intensity in Thumb Basal Joint Osteoarthritis: A Randomized Controlled Trial.</subfield>
   </datafield>
</record></metadata></record></GetRecord></OAI-PMH>